|
|
|
|
| LEADER |
00889aam a22002538a 4500 |
| 001 |
00029091 |
| 005 |
20171026081025.0 |
| 008 |
120507s2011 ||||||viesd |
| 020 |
|
|
|c 38000
|
| 041 |
0 |
# |
|a vie
|
| 082 |
1 |
4 |
|a 650.1
|b B300Q
|
| 245 |
0 |
0 |
|a Bí quyết kinh doanh của người Do Thái
|c Tri thức Việt biên dịch
|
| 260 |
# |
# |
|a Hà Nội
|b Văn Hóa Thông Tin
|c 2011
|
| 300 |
# |
# |
|a 223tr.
|c 21cm,
|
| 490 |
# |
# |
|a Tủ sách Kinh tế - Quản trị Kinh doanh
|
| 650 |
# |
4 |
|a Kinh doanh
|z Do Thái
|
| 650 |
# |
4 |
|a Thành công trong kinh doanh
|z Do Thái
|
| 653 |
# |
# |
|a Người Do Thái
|
| 710 |
2 |
# |
|a Tri Thức Việt
|
| 852 |
# |
# |
|b Kho mượn
|j KM.0013917
|
| 852 |
# |
# |
|b Kho đọc
|j KD.0013512
|
| 852 |
# |
# |
|j KM.0013917
|j KD.0013512
|
| 910 |
|
|
|d 07/05/2012
|
| 980 |
# |
# |
|a Trung tâm Học liệu Lê Vũ Hùng, Trường Đại học Đồng Tháp
|